000 00642nam a2200181Ia 4500
008 100920s9999 xx 000 0 und d
082 _b43156
_a24 थ 81
100 _aसाधले आनंद.
245 _aव्यांसांच्या उपनायिका.
260 _bप्रिया प्रकाशन,मुंबई 4.
_c1981
300 _a130
_bसाधी
365 _b18
520 _aसायो.
630 _aव्यांसांच्या उपनायिका.
650 _aसायो.
730 _aव्यांसांच्या उपनायिका.
942 _cBOOK
999 _c692888
_d692885